000 00884nam a2200217Ia 4500
999 _c39964
_d39964
001 6570
003 GE_BSU
005 20191016151910.0
008 181216s1987||||ge |||||||||||||| ||geo||
040 _cGE_BSU
041 _ageo
080 _a821.353.1-1 ბ-56
100 _aბექიშვილი, თედო
_94749
245 _aრასა სწერთ, მთვარის სხივებო?... :
_bლექსები /
_cთედო ბექიშვილი ; რედ. მ. სანადირაძე.
264 _aთბილისი :
_bმერანი ;
_c1987.
300 _a174 გვ. ;
_c17 სმ.
653 _aრასა სწერთ,მთვარის სხივებო?...
653 _aლექსები
700 _aსანადირაძე, მ.
_eრედაქტორი
_94750
942 _cBK
_2udc